| 000 | 02556nam a2200433 i 4500 | ||
|---|---|---|---|
| 001 | 000046017 | ||
| 003 | DO-SdBNP | ||
| 005 | 20260218133846.0 | ||
| 007 | ta | ||
| 008 | 150611s2013 dr a 000 0 spa d | ||
| 020 | _a9789945471663 | ||
| 040 |
_aDO-SdBNP _bspa _cBNPHU _erda |
||
| 041 | _aspa | ||
| 082 | 4 |
_a972.93 _bD812L _222 |
|
| 100 | 1 |
_aMella, Pablo _d1963- _eautor _4aut. _974093 |
|
| 245 | 1 | 4 |
_aLos espejos de Duarte / _cPablo Mella ; prólogo, Raymundo González. |
| 250 | _aPrimera edición | ||
| 264 |
_aSanto Domingo, República Dominicana : _bInstituto Filosófico Pedro Fco. Bonó, _bPaulinas, MSC, _c2013. |
||
| 300 |
_a439 páginas : _bilustraciones ; _c23 cm. |
||
| 336 |
_atexto _btxt _2rdacontent |
||
| 337 |
_asin mediación _bn _2rdamedia |
||
| 338 |
_avolumen _bnc _2rdacarrier |
||
| 490 | 0 |
_aColección Pensamiento y vida ; _v4 |
|
| 500 | _aIncluye datos biográficos del autor en la solapa. | ||
| 500 | _aIncluye notas a pie de páginas. | ||
| 500 | _aIncluye referencias bibliográficas y notas al pie de las páginas | ||
| 504 | _aBibliografía: páginas 420-439 | ||
| 505 | _a Introducción, 13 -- En el laberinto de los espejos : la historiografía dominicana y la interpretación duartiana, 23 -- La construcción discursiva del espejo : propuesta de análisis crítico del discurso para la literatura duartiana, 79 -- Estudio intertextual de los documentos en torno a Duarte : de los Apuntes de Rose Duarte a la literatura duartiana, 117 -- Duarte, anarquista y traidor de la Patria : las "proclamas" de Pedro Santana, julio 1844 , 175-- Duarte, elegido del Señor, Padre de la Patria : la "Apoteosis" de Fernando Meriño (1884), 233 -- Duarte, el amigo trinitario : los Apuntes para la historia de los trinitarios de José María Serra (1887), 279 -- Duarte, apóstol del derecho : la Exposición de Emiliano Tejera al Congreso Nacional (1894), 347 -- Reflexiones para concluir: el orden del discurso duartiano, 413 -- Apéndice final, 418 | ||
| 590 | _aInventariado, 2019/VM | ||
| 600 | 1 | 0 |
_aDuarte, Juan Pablo, _d1813-1876. _91494 |
| 600 | 1 | 0 |
_aDuarte, Juan Pablo, _d813-1876 _xInfluencia. _989057 |
| 650 | 7 |
_a Influencia (literaria, artística, etc.) _989058 |
|
| 650 | 7 |
_aAnálisis del discurso _xAspectos políticos _2LIBRUNAM _989059 |
|
| 651 |
_aRepública Dominicana _xPolítica y gobierno _2LIBRUNAM _945 |
||
| 700 | 1 |
_aGonzález, Raymundo, _eprologuista _96373 _4pr. |
|
| 700 | 1 |
_aAlba Rocha, Kary _ecorrector _4co. _988862 |
|
| 910 | _aValidado. Control de calidad MFF | ||
| 942 |
_2ddc _cLBS1 |
||
| 999 |
_c45506 _d45506 |
||